Imunidade das instituições religiosas (Registro nro. 170299)
[ vista simple ]
| 000 -LEADER | |
|---|---|
| fixed length control field | 01338nam a22002657a 4500 |
| 007 - PHYSICAL DESCRIPTION FIXED FIELD--GENERAL INFORMATION | |
| fixed length control field | cr|||| |||| |
| 008 - FIXED-LENGTH DATA ELEMENTS--GENERAL INFORMATION | |
| fixed length control field | 210819s2015 br |||||s|||| 00||0 por d |
| 020 ## - INTERNATIONAL STANDARD BOOK NUMBER | |
| International Standard Book Number | 978-85-8310-047-8 |
| 035 ## - | |
| -- | 35101 |
| 040 ## - CATALOGING SOURCE | |
| Original cataloging agency | vLex |
| 090 ## - | |
| -- | 12063 |
| -- | 12063 |
| 100 1# - MAIN ENTRY--PERSONAL NAME | |
| Personal name | de Barros Carvalho, Paulo |
| 245 10 - TITLE STATEMENT | |
| Title | Imunidade das instituições religiosas |
| Medium | [Recurso electrónico] / |
| Statement of responsibility, etc | Paulo de Barros Carvalho, Ives Gandra Da Silva Martins |
| 256 ## - | |
| -- | Servicio en línea |
| 260 ## - PUBLICATION, DISTRIBUTION, ETC. (IMPRINT) | |
| Place of publication, distribution, etc | San Pablo: |
| Name of publisher, distributor, etc | Editora Noeses, |
| Date of publication, distribution, etc | 2015 |
| 300 ## - PHYSICAL DESCRIPTION | |
| Extent | 1 recurso electrónico |
| 500 ## - GENERAL NOTE | |
| General note | Contém quinze estudos de renomados autores da área jurídica sobre temas fundamentais para a UJUSCASP: a liberdade religiosa e a imunidade de impostos e contribuições sociais que o constituinte assegura aos templos e instituições vinculadas. |
| 506 1# - RESTRICTIONS ON ACCESS NOTE | |
| Terms governing access | Disponible solo en los productos indicados |
| Authorized users | vLex Global |
| -- | vLex Global (Academic Edition, excluding Law Schools) |
| -- | vLex Global (U.S. Academic Edition, Law Schools) |
| -- | vLex Global (U.S. Academic Edition, excluding Law Schools) |
| -- | vLex Global (Academic Edition, Law Schools) |
| 650 04 - SUBJECT ADDED ENTRY--TOPICAL TERM | |
| Topical term or geographic name as entry element | Filosofía y religión |
| Geographic subdivision | Brasil |
| 700 1# - ADDED ENTRY--PERSONAL NAME | |
| Personal name | Da Silva Martins, Ives Gandra |
| 740 0# - | |
| -- | vLex Libros (Servicio en línea) |
| 856 40 - LOCALIZACIÓN Y ACCESO ELECTRÓNICO | |
| Identificador Uniforme del Recurso (URI/URL) | https://app.vlex.com/#/sources/35101 |
| 942 ## - | |
| -- | RAA |
| 999 ## - | |
| -- | 170299 |
| -- | 170299 |
No hay ítems disponibles.